Understanding intelligence / (Record no. 9588)
[ view plain ]
| 000 -LEADER | |
|---|---|
| fixed length control field | 00913nac a22002411u 4500 |
| 010 ## - LIBRARY OF CONGRESS CONTROL NUMBER | |
| LC control number | 98049138 |
| 020 ## - INTERNATIONAL STANDARD BOOK NUMBER | |
| International Standard Book Number | 0262161818 (hc : alk. paper) |
| 082 00 - DEWEY DECIMAL CLASSIFICATION NUMBER | |
| Classification number | 006.3 |
| Item number | PFE |
| 090 ## - LOCALLY ASSIGNED LC-TYPE CALL NUMBER (OCLC); LOCAL CALL NUMBER (OCLC) | |
| -- | 9588 |
| -- | 9588 |
| 100 ## - MAIN ENTRY--PERSONAL NAME | |
| Personal name | Pfeifer, Rolf, |
| 245 10 - TITLE STATEMENT | |
| Title | Understanding intelligence / |
| Statement of responsibility, etc | Rolf Pfeifer and Christian Scheier ; with figures by Alex Riegler and cartoons by Isabelle Follath. |
| 260 ## - PUBLICATION, DISTRIBUTION, ETC. (IMPRINT) | |
| Place of publication, distribution, etc | Cambridge, Mass. : |
| Name of publisher, distributor, etc | MIT Press, |
| Date of publication, distribution, etc | c1999. |
| 300 ## - PHYSICAL DESCRIPTION | |
| Extent | xx, 697 p. : |
| Other physical details | ill. ; |
| Dimensions | 26 cm. |
| 500 ## - GENERAL NOTE | |
| General note | Distributer: Baccah. |
| 504 ## - BIBLIOGRAPHY, ETC. NOTE | |
| Bibliography, etc | Includes bibliographical references (p. [659]-675) and indexes. |
| 511 ## - PARTICIPANT OR PERFORMER NOTE | |
| Participant or performer note | Catalogued By: Mahitab. |
| 650 #0 - SUBJECT ADDED ENTRY--TOPICAL TERM | |
| Topical term or geographic name as entry element | Artificial intelligence. |
| 650 #0 - SUBJECT ADDED ENTRY--TOPICAL TERM | |
| Topical term or geographic name as entry element | Cognitive science. |
| 650 #0 - SUBJECT ADDED ENTRY--TOPICAL TERM | |
| Topical term or geographic name as entry element | Expert systems (Computer science) |
| 700 1# - ADDED ENTRY--PERSONAL NAME | |
| Personal name | Scheier, Christian. |
| 942 ## - ADDED ENTRY ELEMENTS (KOHA) | |
| Item type | Book - Borrowing |
| Call number prefix | 006.3PFE |
| Withdrawn status | Item status | Damaged status | Not for loan | Home library | Current library | Shelving location | Date acquired | Source of acquisition | Total Checkouts | Total Renewals | Full call number | Barcode | Date last seen | Date last borrowed | Koha item type |
|---|---|---|---|---|---|---|---|---|---|---|---|---|---|---|---|
| Central Library | Central Library | Lower Floor | 22/05/2008 | Purchase | 1 | 1 | 006.3PFE | 000011415 | 15/07/2025 | 29/03/2015 | Book - Borrowing | ||||
| Central Library | Central Library | Lower Floor | 22/05/2008 | Purchase | 1 | 006.3PFE | 000011427 | 15/07/2025 | 29/03/2015 | Book - Borrowing | |||||
| Central Library | Central Library | Lower Floor | 22/05/2008 | Purchase | 006.3PFE | 000011423 | 15/07/2025 | NB - Book (Non borrowing) |